Obchodné centrum v Bratislave

Na minha lista:
Detalhes bibliográficos
Autor principal: Šoltés, Jakub (Author)
Outros Autores: Magura, Martin (Thesis advisor)
Formato: Manuscrito Livro
Idioma:eslovaco
Publicado em: 2020
Assuntos:
Acesso em linha:http://is.stuba.sk/zp/portal_zp.pl?podrobnosti=152209
https://opac.crzp.sk/?fn=detailBiblioForm&sid=B5E6096D0905A43EEE071B19D4C8
Tags: Adicionar Tag
Sem tags, seja o primeiro a adicionar uma tag!

MARC

LEADER 00000ntm a22000003a 4500
001 stuzp79416
003 SK-STU
005 20230523153409.1
007 ta
008 150427s2015----xo-----f-mn---000-0-slo-d
040 |a STU  |b slo 
041 0 |a slo 
100 1 |a Šoltés, Jakub  |u 010190  |4 aut  |U SvF Stavebná fakulta  |T SvF Katedra kovových a drevených konštrukcií  |X 81096  |U V190  |Y 21  |7 81096 
242 0 1 |a Shopping Center in Bratislava  |y eng 
245 1 0 |a Obchodné centrum v Bratislave 
260 |c 2020 
650 4 |a Konštrukcia obchodného centra  |2 slo 
650 4 |a Zaťaženia  |2 slo 
650 4 |a Vnútorné sily  |2 slo 
650 4 |a Construction of the Business center  |2 eng 
650 4 |a Internal forces  |2 eng 
650 4 |a Loads  |2 eng 
700 1 |a Magura, Martin  |u 010190  |k Z1  |4 ths  |U SvF Stavebná fakulta  |T SvF Katedra kovových a drevených konštrukcií  |X 2620  |U V190  |Y 21  |7 A000002620 
856 4 |u http://is.stuba.sk/zp/portal_zp.pl?podrobnosti=152209 
856 4 |u https://opac.crzp.sk/?fn=detailBiblioForm&sid=B5E6096D0905A43EEE071B19D4C8